00881cam a2200253 a 4500001001000000003000900010005001700019008004100036020001500077040002500092082002200117100003000139245015600169260005600325300002100381490003200402650002100434650002100455650003100476650002400507700002500531700003800556830003300594000024984DO-SdBNP20250918133617.0901219s1999 sp 000 | spa d a843681388X aDO-SdBNPbspacBNPHU 4a362.76bA779m2221 aArruabarrena, Ma. Ignacia10aMaltrato a los niños en la familia :bevaluación y tratamiento /cMa. Ignacia Arruabarrena, Joaquín de Paúl; prólogo Miguel Costa Cabanillas. aMadrid, (Venezuela) :bEdiciones Pirámide,c1999. a186 p. ;c20 cm.1 aOjos Solares. Tratamientos. 4aAbuso del niño 0aAbuso del niño 4aTrabajo social con niños 0aViolencia conyugal 1 aPaúl, Joaquín de1 aCosta Cabanillas, Miguelepról. 0aOjos solares.pTratamientos.